000 01439nam a2200325 i 4500
003 EG-GICUC
005 20260121101650.0
008 260105s2014 ua adf|f |||| 00| 0 ara d
040 _a EG-GICUC
_bara
_c EG-GICUC
_d EG-GICUC
_erda
041 _aara
082 0 4 _221
_a345.324
_bأ ح . ح
092 0 4 _221
099 _aLaw1 07 345.324 أ ح . ح 2014
100 0 _aأحمد وهبه نصر علي
_eمؤلف.
245 1 2 _aالحد من مخاطر الحريق في المدن :
_bدراسة حالة مدينة القاهرة /
_cأحمد وهبه نصر علي .
264 1 _aالقاهرة :
_b[الناشر غير محدد] ،
_c2014 .
300 _a261 ؛ صفحة
_bإيضاحيات، صور، جداول، إحصائيات ؛
_c24 سم
336 _2rda content
_atext
337 _2rda media
_aComputer
338 _2rda carrier
_aOnline Resource
500 _aأطروحة مقدمة لاستكمال متطلبات الحصول على درجة دكتوراه الفلسفة في الإدارة العامة
504 _a. 261-253 ببليوجرافيا: صفحات.
504 _aيشتمل على إرجاعات ببليوجرافية
650 1 4 _aطرق ادارة المرافق العامة
_zالقاهرة
_2qrmak
650 1 4 _aالقانون الإداري
_zالقاهرة
651 1 _2qrmak
856 4 0 _uhttps://fll.law.cu.edu.eg/fulltext/bks/B07-01336.pdf
905 _a61
942 _2ddc
_cBK
_e21
_n0
999 _c54732
_d54732